Top 30 Fast Food Restaurant Chains (Ranker.com) - Statistics

General Stats
  • This quiz has been taken 95 times
  • The average score is 14 of 30
Answer Stats
Hint Answer % Correct
8 McDonald's
98%
13 Burger King
89%
16 Subway
83%
2 Wendy's
79%
12 KFC
77%
4 Taco Bell
74%
26 Pizza Hut
70%
1 Chick Fil A
65%
18 Starbucks
64%
6 Arby's
57%
17 Dunkin'
56%
9 Dairy Queen
54%
3 In N Out
54%
20 Hardee's/Carl's Jr.
53%
14 Chipotle
44%
5 Popeyes
44%
10 Whataburger
41%
23 Jack In The Box
38%
7 Sonic
33%
22 Raising Cane's
31%
11 Culver's
30%
25 White Castle
30%
21 Jimmy John's
27%
24 Baskin Robbins
21%
19 A&W
17%
29 Zaxby's
17%
27 Del Taco
16%
30 Bojangles
15%
28 Checker's
14%
15 Steak n Shake
9%
No matching quizzes found
Score Distribution
Percent of People with Each Score
Percentile by Number Answered
Your Score History
You have not taken this quiz